| 000 | 00384nam a2200145Ia 4500 | ||
|---|---|---|---|
| 008 | 210210b1976 xxu||||| |||| 00| 0 eng d | ||
| 020 | _a0 697 07542 7 | ||
| 082 | _a301 BROH | ||
| 100 | _aBROWN COMPANY PUBLISHERS. | ||
| 245 | _aHuman variation in space and time. | ||
| 260 |
_aUSA _bWM C Brown co. publishers _c1976 |
||
| 300 | _aviii,88 | ||
| 690 | _aSociology | ||
| 906 | _aSG02272 | ||
| 999 |
_c113663 _d113663 |
||